000 00934nam a2200241 a 4500
001 BRCA_4352
005 20190320204634.0
008 300410s19391944mx-a######---#000-0#spa-#
041 _aspa
044 _amx
050 4 _aQ23
_b.M46 6 1939
245 1 0 _aMemorias y revista de la Academia Nacional de Ciencias
_b(Antigua Sociedad Científica Antonio Alzate).
260 _aMéxico
_bAcademia Nacional de Ciencias
_c1939-1944
300 _a3 fascículos
_bil.
_c23 cm.
500 _aTomo 54 Volumen del Cincuentenario 1934, Núms. 10, 11 y 12, 1939 ; Tomo 55, Núms. 1, 2 y 3, 1935-1940 ; Tomo 55, Núms. 10-12, 1944
500 _aRevista inventariada por Banco de México como libro
500 _aVer también AA19, C30, H31, H56, Q141, Q143, Q144, S126, X9 y X39
500 _aQ142
650 1 4 _aCiencia
_vPublicaciones periódicas
_910791
710 2 _aAcademia Nacional de Ciencias
_910792
902 _aGFM
942 _2lcc
_cB
999 _c4063
_d4063